[Event "Ruhrgebiet Verbandsklasse Gruppe 3 1415"]
[Site "Germany"]
[Date "2015.01.18"]
[Round "5.8"]
[White "Kogaci, Faruk"]
[Black "Meyer, Gerd"]
[Result "0-1"]
[WhiteElo "1226"]
[BlackElo "1878"]
[PlyCount "84"]
[EventDate "2014.09.21"]
[EventType "team-tourn"]
[EventRounds "9"]
[EventCountry "GER"]
[SourceTitle "EXT 2022"]
[Source "ChessBase"]
[SourceDate "2021.10.06"]
[SourceVersion "1"]
[SourceVersionDate "2021.10.06"]
[SourceQuality "1"]
[WhiteTeam "Osterfeld Schwarze Dame"]
[BlackTeam "Dortmund FS"]
[WhiteTeamCountry "GER"]
[BlackTeamCountry "GER"]

1. d4 d5 2. e3 c5 3. Nf3 Nc6 4. Bb5 a6 5. Bxc6+ bxc6 6. 0-0 Bg4 7. h3 Bh5 8. Nbd2 cxd4 9. exd4 Nf6 10. Re1 e6 11. c4 Be7 12. c5 0-0 13. b4 a5 14. bxa5 Qxa5 15. Nb3 Qa4 16. Be3 Ne4 17. Qc2 Bxf3 18. gxf3 Nf6 19. Bf4 Nd7 20. Qd2 Bf6 21. Bc7 Rfc8 22. Bd6 Re8 23. f4 Be7 24. Bxe7 Rxe7 25. Kh2 Qa7 26. Qc3 Qc7 27. Qg3 Nf6 28. f5 exf5 29. Qxc7 Rxc7 30. Nd2 Ne4 31. Nxe4 fxe4 32. Kg3 Ra3+ 33. Re3 Ra4 34. Rb1 f6 35. Rd1 Rxa2 36. Rf1 Rd2 37. f3 Rxd4 38. fxe4 Re7 39. Rfe1 Rdxe4 40. Rxe4 Rxe4 41. Rxe4 dxe4 42. Kf4 f5 0-1